| 000 | 01223pab a2200205 454500 | ||
|---|---|---|---|
| 008 | 180718b2008 xxu||||| |||| 00| 0 eng d | ||
| 100 | _aSangita, S.N. | ||
| 245 | _aInformation communication technology, governance and service delivery in India: A critical review | ||
| 260 | _c2008 | ||
| 300 | _ap.141-161. | ||
| 362 | _aJan-Mar | ||
| 520 | _aThis article, mainly reviews the experiences of e-governance reforms in improving the quality of governance and service delivery in India. The first section deals with the conceptual framework of e-governance. The second section focuses on e-governance initiatives in India. the third section reviews the implications of e-governance on service delivery in terms of efficiency, accountability, participation and equity on the basis of the secondary resources. The fourth section deals with the enabling conditions in promoting e-governance in India. Finally, it comes out with the policy perspectives. - Reproduced. | ||
| 650 | _aCommunication technology - India | ||
| 650 | _aInformation technology - India | ||
| 650 | _aInformation technology | ||
| 700 | _aDash, Bikash Chandra | ||
| 773 | _aIndian Journal of Public Administration | ||
| 908 | _aN | ||
| 909 | _a78280 | ||
| 999 |
_c78280 _d78280 |
||